LEADER 01096nam a2200337 i 4500 001 991000849519707536 005 20020507102256.0 008 960320s1986 us ||| | eng 035 $ab10138237-39ule_inst 035 $aLE00637903$9ExL 040 $aDip.to Fisica$bita 084 $a52.9.3 084 $a52.9.52 084 $a52.9.523 084 $a551 084 $aQB631 100 1 $aSaxena, S.$0461337 245 10$aChemistry and physics of terrestrial planets /$cedited by S. Saxena...[et al.] 260 $aNew York :$bSpringer-Verlag,$c1986 300 $ax, 405 p. :$bill. ;$c25 cm. 490 0 $aAdvances in physical geochemistry ;$v6 650 4$aCosmochemistry 650 4$aEarth 650 4$aGeochemistry 650 4$aPlanets 907 $a.b10138237$b17-02-17$c27-06-02 912 $a991000849519707536 945 $aLE006 52.9.3 SAX$g1$i2006000025454$lle006$o-$pE0.00$q-$rl$s- $t0$u0$v0$w0$x0$y.i10163487$z27-06-02 996 $aChemistry and physics of terrestrial planets$9185520 997 $aUNISALENTO 998 $ale006$b01-01-96$cm$da $e-$feng$gus $h0$i1 LEADER 02751nam 22004213 450 001 9910809478303321 005 20230630002906.0 010 $a1-78914-419-1 035 $a(CKB)4100000011921462 035 $a(MiAaPQ)EBC6607235 035 $a(Au-PeEL)EBL6607235 035 $a(OCoLC)1250591249 035 $a(BIP)077765135 035 $a(EXLCZ)994100000011921462 100 $a20210901d2021 uy 0 101 0 $aeng 135 $aurcnu|||||||| 181 $ctxt$2rdacontent 182 $cc$2rdamedia 183 $acr$2rdacarrier 200 14$aThe Poet and the Publisher $eThe Case of Alexander Pope, Esq. , of Twickenham Versus Edmund Curll, Bookseller in Grub Street 210 1$aLondon :$cReaktion Books, Limited,$d2021. 210 4$dİ2021. 215 $a1 online resource (471 pages) 311 $a1-78914-416-7 327 $aCover -- Title Page -- Copyright Page -- Contents -- Preface -- Introduction -- 1. The Time and The Place -- 2. The Antagonists -- 3. True and False Reports, 1714-15 -- 4. Poisonous Relations, 1716 -- 5. Horrid Wars, 1716 -- 6. The Loss of Eden, 1716 -- 7. The Second Aesop, 1717 -- 8. An Abominable Catalogue, 1718-19 -- 9. Crimes and Punishments, 1720-24 -- 10. Prison, 1724-7 -- 11. Pillory, 1725-8 -- 12. A Confederacy of Dunces, 1728-9 -- 13. The Public Ear, 1730-34 -- 14. The Letters of Mr Pope: Stage One, 1735 -- 15. The Letters of Mr Pope: Stage Two, 1735-6 -- 16. Final Exchanges, 1737-47 -- Closing Arguments -- Epilogue -- References -- Select Bibliography -- Acknowledgements -- Photo Acknowledgements -- Index. 330 8 $aThe quarrel between the poet Alexander Pope and the publisher Edmund Curll has long been a notorious episode in the history of the book, when two remarkable figures with a gift for comedy and an immoderate dislike of each other clashed publicly and without restraint. However, it has never, until now, been chronicled in full. Ripe with the sights and smells of Hanoverian London, The Poet and Publisher details their vitriolic exchanges, drawing on previously unearthed pamphlets, newspaper articles, and advertisements, court and government records, and personal letters. The story of their battles in and out of print includes a poisoning, the pillory, numerous instances of fraud, and a landmark case in the history of copyright. The book is a forensic account of events both momentous and farcical, and it is indecently entertaining. 517 $aPoet and the Publisher 610 $aEnglish Literature 676 $a821.5 700 $aRogers$b Pat$0168605 801 0$bMiAaPQ 801 1$bMiAaPQ 801 2$bMiAaPQ 906 $aBOOK 912 $a9910809478303321 996 $aThe Poet and the Publisher$94112336 997 $aUNINA